LEADER 00835nam a2200193 i 4500 001 000000050547 003 CaOOAMICUS 005 20130122000000.0 008 130122s1773 xx u000 u lat u 013 $a21718 026 $aexn- 8382 r.,& rive (3) 1773 (R) 040 $aSeMil$bita 245 10$aPars 1. 300 $a453, [3] p. 500 $aSegn. : A-T12. 773 0 $aPiselli, Clemente, <1650-1715>$tTheologiae moralis summa, in qua per traditas distinctiones, brevia, ac facilis firmantur theoremata ad quoslibet concientiæ casus resolvendos accommodata. Auctore Clemente Piselli ab Olibano ... Tomus 1. [-2.].$dVenetiis : Ex Typographia Balleoniana, 1773.$g1$w()19336 850 $aSeMil 852 $aSeMil$W1$xVenegono$y1$m2F I 74 FA$j16702$B16702$CSeMilBibl$Z2$F16702 $8I 996 $6245$aPars 1$9(OLS)http://semarc/title/55907 LEADER 00698nam a2200181 i 4500 001 000000194415 003 CaOOAMICUS 005 20101113000000.0 008 101113n it u000 u ita u 013 $a173067 040 $aSeMil$bita 245 13$aIl primo anno di vita pubblica. 300 $a687 p. :$bill., [8] p. di tav. 700 1 $aValtorta, Maria,$d<1897-1961>.$0(OLS)http://semarc/name/5463 773 0 $aValtorta, Maria <1897-1961>$tPoema dell'Uomo-Dio.$dIsola del Liri : Pisani, 1975.$gVolume2$w()23964 850 $aSeMil 852 $aSeMil$W1$xVenegono$y1$m3J V 141$j144989$B144989$CSeMilBibl$Z2$F156416 $81 996 $6245$aIl primo anno di vita pubblica$9(OLS)http://semarc/title/280326